LEADER 01101nam1-22003611n-450- 001 990001117060203316 005 20050429100808.0 035 $a000111706 035 $aUSA01000111706 035 $a(ALEPH)000111706USA01 035 $a000111706 100 $a20021217-1986----m||y0itay0103----ba 101 0 $aita 102 $aIT 200 1 $aGiovanni Pastore$egli anni d'oro del cinema a Torino$ga cura di Cherchi Usai 210 $aTorino$cUTET$d1986 215 $a143 p.$cill.$d24 cm 300 $aIn testa al front. : Strenna UTET 600 1$aPastore,$bGiovanni 606 0 $aCinematografo$yTorino$z1907-1923 676 $a791.430230924 701 1$aCHERCHI,$bUsai$0554564 801 0$aIT$bsalbc$gISBD 912 $a990001117060203316 951 $aXIII.2. 1156(XVI I 84)$b139303 LM$cXVI I$d00084509 959 $aBK 969 $aUMA 979 $aRENATO$b10$c20021217$lUSA01$h1032 979 $aANGELA$b90$c20021217$lUSA01$h1601 979 $aPATRY$b90$c20040406$lUSA01$h1717 979 $aCOPAT3$b90$c20050429$lUSA01$h1008 996 $aGiovanni Pastore$9981569 997 $aUNISA LEADER 01901oam 2200577 450 001 9910716038003321 005 20210520143443.0 035 $a(CKB)5470000002517726 035 $a(OCoLC)1182550531 035 $a(EXLCZ)995470000002517726 100 $a20200805j196901 ua 0 101 0 $aeng 135 $aur||||||||||| 181 $ctxt$2rdacontent 182 $cc$2rdamedia 183 $acr$2rdacarrier 200 10$aCrack toughness characteristics of several alloys for use in heavy sections of high speed aircraft /$fby Raymond T. Bubsey and William F. Brown, Jr 210 1$aWashington, D.C. :$cNational Aeronautics and Space Administration,$dJanuary 1969. 215 $a1 online resource (iii, 34 pages) $cillustrations 225 1 $aNASA/TN ;$vD-4998 300 $a"January 1969." 320 $aIncludes bibliographical references (pages 33-34). 606 $aAlloys$2nasat 606 $aCracks$2nasat 606 $aMetals$xFracture 606 $aFracture mechanics 606 $aHigh-speed aeronautics 606 $aFracture mechanics$2fast 606 $aHigh-speed aeronautics$2fast 606 $aMetals$xFracture$2fast 615 7$aAlloys. 615 7$aCracks. 615 0$aMetals$xFracture. 615 0$aFracture mechanics. 615 0$aHigh-speed aeronautics. 615 7$aFracture mechanics. 615 7$aHigh-speed aeronautics. 615 7$aMetals$xFracture. 700 $aBubsey$b Raymond T.$01419074 702 $aBrown$b William F.$cJr., 712 02$aUnited States.$bNational Aeronautics and Space Administration, 801 0$bCOP 801 1$bCOP 801 2$bCOP 801 2$bOCLCO 801 2$bOCLCF 801 2$bGPO 906 $aBOOK 912 $a9910716038003321 996 $aCrack toughness characteristics of several alloys for use in heavy sections of high speed aircraft$93532386 997 $aUNINA